|
|
|
|
| LEADER |
00000cam a2200000 i 4500 |
| 001 |
1/61911 |
| 008 |
040928s2004 gr | ||| |||| ||gre|| |
| 035 |
|
|
|l 10074557
|
| 040 |
|
|
|a GR-MyUA
|b gre
|e AACR2
|
| 041 |
0 |
|
|a gre
|
| 082 |
0 |
|
|a 889.1
|
| 100 |
1 |
|
|a Καραθανάσης, Κώστας Ξ.,
|d 1920-1997.
|
| 245 |
1 |
3 |
|a Το παιχνίδι της ζωής :
|b (1935-1990) /
|c Κώστας Καραθανάσης.
|
| 260 |
|
|
|a Αθήνα :
|b [χ.ο.],
|c 2004.
|
| 300 |
|
|
|a 392 σ. :
|b εικ. ;
|c 24 εκ.
|
| 650 |
0 |
0 |
|a Greek poetry.
|
| 852 |
|
|
|a INST
|b SAMOS
|e 20040928
|h 889.1 ΚΑΡ
|p 005300023079
|q 005300023079
|t BK
|y 0
|
| 901 |
|
|
|a BIBL3-2004-3
|
| 909 |
|
|
|a Σ
|b 107569
|
| 970 |
|
|
|a ΚΟΣΙΕΡΗΣ
|b ΧΡΗΣΤΟΣ
|z 2004/09/28
|